[Event "Latschach op 27th"]
[Site "Latschach"]
[Date "2011.08.13"]
[Round "1"]
[White "Wertjanz, David"]
[Black "Zefi, Xhon"]
[Result "1-0"]
[WhiteElo "2234"]
[BlackElo "1862"]
[PlyCount "63"]
[EventDate "2011.08.13"]
[EventType "swiss"]
[EventRounds "9"]
[EventCountry "AUT"]
[SourceTitle "CBM 143 Extra"]
[Source "ChessBase"]
[SourceDate "2011.08.29"]
[SourceVersion "1"]
[SourceVersionDate "2011.08.29"]
[SourceQuality "1"]

1. e4 e5 2. Nf3 Nc6 3. Bb5 a6 4. Ba4 Bc5 5. 0-0 Nge7 6. c3 0-0 7. d4 exd4 8. cxd4 Ba7 9. d5 Na5 10. Bc2 d6 11. b3 b5 12. Bb2 Bg4 13. Qd2 Bxf3 14. Qxa5 Bh5 15. Qc3 f6 16. Nd2 Ng6 17. Qg3 Ne5 18. Kh1 Qe8 19. f4 Ng4 20. Rae1 Qg6 21. h3 Nh6 22. Qxg6 Bxg6 23. f5 Be8 24. Bd3 Nf7 25. Nf3 Ne5 26. Bxe5 dxe5 27. Rc1 Bb6 28. Rc2 Bd7 29. Be2 Rac8 30. Rd1 Rfd8 31. a3 Kf7 32. Ne1 1-0

[Event "Feffernitz Raika op 19th"]
[Site "Feffernitz"]
[Date "2010.08.28"]
[Round "8"]
[White "Zefi, Xhon"]
[Black "Piber, Vinko"]
[Result "1-0"]
[WhiteElo "1885"]
[BlackElo "1862"]
[PlyCount "75"]
[EventDate "2010.08.22"]
[EventType "swiss"]
[EventRounds "9"]
[EventCountry "AUT"]
[SourceTitle "CBM 138 Extra"]
[Source "ChessBase"]
[SourceDate "2010.10.29"]
[SourceVersion "1"]
[SourceVersionDate "2010.10.29"]
[SourceQuality "1"]

1. d4 Nf6 2. c4 g6 3. Nc3 Bg7 4. e4 d6 5. f3 0-0 6. Be3 Nbd7 7. Bd3 c5 8. Nge2 cxd4 9. Nxd4 Ne5 10. Qd2 Nxd3+ 11. Qxd3 Nd7 12. f4 a6 13. 0-0 Nc5 14. Qc2 b6 15. b4 Ne6 16. Rad1 Nxd4 17. Bxd4 Bg4 18. Rd2 Bxd4+ 19. Rxd4 Ra7 20. h3 Bd7 21. Nd5 e6 22. Ne3 Qc7 23. Qd3 Bc6 24. Rd1 Rd8 25. e5 d5 26. cxd5 Bb5 27. Qb3 a5 28. a4 Be2 29. R1d2 Qc1+ 30. Kh2 Qe1 31. dxe6 Rxd4 32. exf7+ Rxf7 33. Rxd4 Kg7 34. bxa5 bxa5 35. e6 Re7 36. Rd7 Qh4 37. Qb2+ Kh6 38. Qxe2 1-0